| 000 | 00874nam a22002777a 4500 | ||
|---|---|---|---|
| 001 | 7269 | ||
| 003 | FISKH | ||
| 005 | 20250707091425.0 | ||
| 008 | 250707b cb ||||| |||| 00| 0 eng d | ||
| 040 |
_aFISKH _beng _cFISKH _dFISKH |
||
| 050 | _aPZ7.D439 K | ||
| 082 | _a314 | ||
| 100 | _adePaola, Tomie | ||
| 245 |
_aKit and Kat / _cWritten and illustrated by Tomie dePaola |
||
| 250 | _aFirst Scholastic printing, October 1995 | ||
| 260 |
_aNew York : _bScholastic, _c1986 |
||
| 300 |
_a32 pages : _bcolor illustrations ; _c23 cm |
||
| 505 | _aE | ||
| 520 | _aThree stories featuring the Kitten Kids sleeping at their grandparents' house, riding bikes, and playing with a bully. | ||
| 521 | 8 |
_a280
_bLexile |
|
| 521 | 8 |
_aE
_bRaz-Plus |
|
| 650 |
_aFriends _vSiblings |
||
| 700 |
_adePaola, Tomie _eillustrator |
||
| 942 |
_2ddc _cBK _n0 |
||
| 999 |
_c7269 _d7269 |
||